The Essence of human freedom : (Record no. 4694)

MARC details
000 -LEADER
fixed length control field 00639nam a22002052 4500
001 - CONTROL NUMBER
control field 0000000040
005 - DATE AND TIME OF LATEST TRANSACTION
control field 20151217151742.0
008 - FIXED-LENGTH DATA ELEMENTS--GENERAL INFORMATION
fixed length control field 070108s xx 000 0 eng d
020 ## - INTERNATIONAL STANDARD BOOK NUMBER
International Standard Book Number 0826459242 :
Terms of availability KES 3,598.20
040 ## - CATALOGING SOURCE
Original cataloging agency KABU
Transcribing agency KABU
100 1# - MAIN ENTRY--PERSONAL NAME
Personal name Heidegger, Martin.
-- 0000148005
245 14 - TITLE STATEMENT
Title The Essence of human freedom :
Remainder of title an introduction to philosophy /
Statement of responsibility, etc. translated by Ted Sadler.
260 ## - PUBLICATION, DISTRIBUTION, ETC. (IMPRINT)
Place of publication, distribution, etc. London :
Name of publisher, distributor, etc. Continuum,
Date of publication, distribution, etc. 2002.
300 ## - PHYSICAL DESCRIPTION
Extent xiv, 216 p.
650 #0 - SUBJECT ADDED ENTRY--TOPICAL TERM
Topical term or geographic name as entry element Philosophy.
-- 0000147995
700 1# - ADDED ENTRY--PERSONAL NAME
Personal name Sadler, Ted.
-- 0000148006
908 ## - PUT COMMAND PARAMETER (RLIN)
Put command parameter 070108
950 ## - LOCAL HOLDINGS (RLIN)
-- 1
Holdings
Withdrawn status Lost status Source of classification or shelving scheme Not for loan Home library Current library Date acquired Total Checkouts Full call number Barcode Date last seen Date last checked out Price effective from Koha item type
    Library of Congress Classification   Kabarak, Main Campus Kabarak, Main Campus 17/12/2015 2 B3279 .H47E54 000010 02/08/2024 30/03/2022 17/12/2015 General Collection
Designed with assistance from East African Informatics Ltd